LIBRARY & INFORMATION CENTRE, KCAET, TAVANUR

ONLINE PUBLIC ACCESS CATALOGUE (OPAC)

Renewable energy sources for sustainable development (Record no. 13759)

MARC details
000 -LEADER
fixed length control field 00419nam a22001577a 4500
003 - CONTROL NUMBER IDENTIFIER
control field OSt
008 - FIXED-LENGTH DATA ELEMENTS--GENERAL INFORMATION
fixed length control field 241028b |||||||| |||| 00| 0 eng d
020 ## - INTERNATIONAL STANDARD BOOK NUMBER
ISBN 9788189422721
082 ## - DEWEY DECIMAL CLASSIFICATION NUMBER
Classification number 621.47
Item number RAT/RE
100 ## - MAIN ENTRY--AUTHOR NAME
Personal name Rathore, N.S
245 ## - TITLE STATEMENT
Title Renewable energy sources for sustainable development
260 ## - PUBLICATION, DISTRIBUTION, ETC. (IMPRINT)
Place of publication New Delhi
Name of publisher New India Publishing Agency
Year of publication 2007
300 ## - PHYSICAL DESCRIPTION
Number of Pages 297 p
700 ## - ADDED ENTRY--PERSONAL NAME
Personal name Panwar, N.L
942 ## - ADDED ENTRY ELEMENTS (KOHA)
Koha item type Books
Holdings
Withdrawn status Lost status Damaged status Collection code Home library Current library Shelving location Date acquired Source of acquisition Cost, normal purchase price Full call number Accession Number Koha item type
      Non-fiction KAUAET KAUAET Shelf- 7A 31/03/2012 Universal Research Books, Trichur 1280.00 621.47 RAT/RE 23358 Books
      Non-fiction KAUAET KAUAET Shelf- 7A 15/05/2019   1795.00 621.47 RAT/RE 25770 Books
free website counter